Five Letter Geography - X - Statistics

General Stats
  • This quiz has been taken 18 times
  • The average score is 2 of 10
Answer Stats
Hint Answer % Correct
The horizontal reference line on a map or coordinate X-Axis
83%
Found on July 12, 1898, in England at University College London Xenon
33%
The word for watermelon in Mandarin Chinese Xigua
17%
Describing an environment with very little moisture, like a desert Xeric
11%
Dry stream bed or wash (originally from Greek meaning dry) Xeros
11%
A major 1,300-mile long tributary of the Amazon River in Brazil Xingu
11%
A municipality in the state of Pernambuco, Brazil Xexéu
0%
Town in Gansu province known for the Labrang Monastery Xiahe
0%
A common town name meaning "West-South" in Chinese Xinan
0%
Historical kingdom and current district in Yinchuan Xixia
0%
No matching quizzes found
Score Distribution
Percent of People with Each Score
Percentile by Number Answered
Your Score History
You have not taken this quiz